000
00327nam a2200109Ia 4500
008
171204s9999 xx 000 0 und d
245
_a
Software Architecture 2:
245
_c
Mourad Chabanne Oussalah
260
_c
2014
650
_x
Software Engineering
856
_u
http://down.ebook777.com/023/Software%20Architecture%202.pdf
999
_c
345970
_d
345970